00499 2200181 4500001002100000005001500021008004100036020001800077035001900095041000700114082001600121090002200137100002000159245003200179260003700211300001800248650005100266INLIS00000000001314920241224114512241224||||||||| | ||| |||| || |  a979-514-967-9 0010-1224013149 aid0 a398.329 591 a398.329 591 SIE f0 aMarguerite Siek00aFavorite Stories From Burma aBandungbRemaja Rosdakaryac2000 a69hlm;15X21cm 0aAdat Adat istiadat & Kebiasaan ,Etiket Folklor